Statistics for Portal/Portal 2 quiz

Click here to take the quiz!

General Stats

  • This quiz has been taken 485 times
  • The average score is 7 of 15

Answer Stats

HintAnswer% Correct
Orange/yellow eyed foeGlados
93%
Main characterChell
80%
Friendly cubecompanion cube
79%
Red eyed foeturret
74%
Gun always at handPortal gun
70%
Original head of ApertureCave Johnson
68%
Thing that activates stuffbutton
59%
Wife of "Original head of Aperture"Caroline
58%
"SPAAAAAAAACE!"space core
53%
Cooperative playersAtlas and Pbody
38%
Deadly green stuffNeurotoxin
31%
SpringboardAerial faith plate
20%
Blue eyed betrayerWheately
8%
Failed "Red eyed foe"crap turret
4%
Laser redirecterrederection cube
1%

Score Distribution

Percentile by Number Answered

Percent of People with Each Score

Your Score History

You have not taken this quiz